Dialogues on development for the developmental approach to education.

Bibliographic Details
Format: Book
Language:English
Published: Rosemont, NJ : Programs for Education, [1986]
Edition:1st ed.
Subjects:

MARC

Tag First Indicator Second Indicator Subfields
LEADER 00000cam a2200000 a 4500
001 in00000034359
005 20151007060701.0
008 870701s1986 njua b 00000 eng d
020 |a 0935493034 
035 |a (OCoLC)16119504 
035 |9 AAC1445AM 
040 |a CSA  |c CSA  |d TXA  |d UtOrBLW 
049 |a TXAM  |c [A11699843] 
050 4 |a LB1133  |b .D52 1986 
245 0 0 |a Dialogues on development for the developmental approach to education. 
250 |a 1st ed. 
264 1 |a Rosemont, NJ :  |b Programs for Education,  |c [1986] 
264 4 |c ©1986 
300 |a 112 unnumbered pages :  |b illustrations ;  |c 28 cm. 
336 |a text  |b txt  |2 rdacontent 
337 |a unmediated  |b n  |2 rdamedia 
338 |a volume  |b nc  |2 rdacarrier 
500 |a Cover title. 
504 |a Includes bibliographical references. 
650 0 |a School grade placement. 
650 0 |a Readiness for school. 
999 |a MARS 
999 f f |s 344e14f0-f46e-3fd3-8f73-ccc478544da9  |i 03b5225d-7323-3860-a72a-7a558c4f5134  |t 0 
952 f f |p normal  |a Texas A&M University  |b College Station  |c Sterling C. Evans Library  |d Evans: Library Stacks  |t 0  |e LB1133 .D52 1986  |h Library of Congress classification  |i unmediated -- volume  |m A14811699843 
998 f f |a LB1133 .D52 1986  |t 0  |l Evans: Library Stacks